000 00355nam a2200133Ia 4500
008 240624s9999 xx 000 0 und d
041 _aeng
082 _a330.12 MOU
100 _aMOUHAMMED ADIL H
245 _aINTRODUCTORY MATHEMATICAL ECONOMICS
260 _c2007
_aNew Delhi
_bPrentice-Hall of India
300 _a250 : p. : cm. ; 22
365 _cRS
_b35
999 _c11824
_d11824